书目信息 |
| 题名: |
超精致的黑白手绘基础教程
|
|
| 作者: | 付喜多 编著 | |
| 分册: | 飞鸟绘 | |
| 出版信息: | 北京 电子工业出版社 2020.4 |
|
| 页数: | 188页 | |
| 开本: | 21cm | |
| 丛书名: | ||
| 单 册: | ||
| 中图分类: | J219 | |
| 科图分类: | ||
| 主题词: | 黑白画--花鸟画--绘画技法 | |
| 电子资源: | ||
| ISBN: | 978-7-121-38666-4 | |
| 000 | 00787nam 2200241 45 | |
| 001 | 012001000653 | |
| 005 | 20130909115208.0 | |
| 010 | @a978-7-121-38666-4@dCNY69.00 | |
| 099 | @aCAL 012020197981 | |
| 100 | @a20200528d2020 em y0chiy0110 ea | |
| 101 | 0 | @achi |
| 102 | @aCN@b110000 | |
| 105 | @aa z 000yy | |
| 106 | @ar | |
| 200 | 1 | @a超精致的黑白手绘基础教程@Achao jing zhi de hei bai shou hui ji chu jiao cheng@i飞鸟绘@f付喜多等编著 |
| 210 | @a北京@c电子工业出版社@d2020.4 | |
| 215 | @a188页@c图@d21cm@e附《飞鸟绘线稿临摹》1册 | |
| 330 | @a本书共三章: 基础篇、鸟儿篇、花鸟篇。主要介绍了鸟儿的手绘技法。 | |
| 606 | 0 | @a黑白画@x花鸟画@x绘画技法 |
| 690 | @aJ219@v5 | |
| 701 | 0 | @a付喜多@Afu xi duo@4编著 |
| 801 | @aCN@b江苏凤凰@c20211018 | |
| 905 | @b1340500-3@dJ219@e1215@f4 | |
| 超精致的黑白手绘基础教程.飞鸟绘/付喜多等编著.-北京:电子工业出版社,2020.4 |
| 188页:图;21cm+附《飞鸟绘线稿临摹》1册 |
| ISBN 978-7-121-38666-4:CNY69.00 |
| 本书共三章: 基础篇、鸟儿篇、花鸟篇。主要介绍了鸟儿的手绘技法。 |
| ● |
| 相关链接 |
|
|
|
|
正题名:超精致的黑白手绘基础教程
索取号:J219/1215
 
预约/预借
| 序号 | 登录号 | 条形码 | 馆藏地/架位号 | 状态 | 备注 |
| 1 | 1340500 | 213405000 | 第一样本阅览室/ [索取号:J219/1215] | 在馆 | |
| 2 | 1340501 | 213405019 | 第一借阅区/ [索取号:J219/1215] | 在馆 | |
| 3 | 1340502 | 213405028 | 第一借阅区/ [索取号:J219/1215] | 在馆 | |
| 4 | 1340503 | 213405037 | 第一借阅区/ [索取号:J219/1215] | 在馆 |